000
00326nam a22001457a 4500
008
210322b ||||| |||| 00| 0 eng d
020
_a
9780538699587
041
_a
eng
080
_2
4th
_a
338
082
_a
338
100
_a
53
101
_a
MEN
245
_a
Managing your Personal Finances
_c
Rayn, J. S
942
_2
udc
_c
BK
999
_c
56651
_d
56651